Spell the Marvel Character #207 - Statistics

General Stats
  • This quiz has been taken 11 times
  • The average score is 17 of 18
Answer Stats
Picture Answer % Correct
Dazzler
100%
Echo
100%
Elektra
100%
Lockjaw
100%
Luke Cage
100%
Nightcrawler
100%
Okoye
100%
Old Man Logan
100%
Outlaw
100%
Squirrel Girl
100%
Thor
100%
Ulysses Bloodstone
100%
Union Jack
100%
Yelena Belova
100%
Starfox
91%
Blink
82%
Sasquatch
82%
Snowbird
73%
No matching quizzes found
Score Distribution
Percent of People with Each Score
Percentile by Number Answered
Your Score History
You have not taken this quiz